Представление документа в формате MARC21

Поле Инд. ПП Название Значение
Тип записи a
Библиографический уровень b
001 Контрольный номер RU/IS/BASE/505920773
005 Дата корректировки 20200610181743.9
008 Кодируемые данные 20160112
040 b Код языка каталог. rus
e Правила каталог. PSBO
041 0_ a Код языка текста rus
084 a Индекс другой классификации/Индекс ББК 87.3(2)61
100 1_ a Автор Хоружий С. С.
q Полное имя Хоружий Сергей Сергеевич
245 10 a Заглавие Концепция одного неопатристического синтеза на новом этапе
504 a Библиография Библиогр. - Примеч.: с. 134 - 135
520 0_ a Аннотация Структура неопатристического синтеза Г.В. Флоровского анализируется и пересматривается заново в свете современного философского и богословского развития. В результате концепции придается новая конфигурация, в которой ее ядром становится старая православная идея Живаго Предания, понятая как условие необходимого приобщения к опыту исихастской практики. Напротив, идея христианского эллинизма, входившая в ядро прежней конфигурации, перемещается на периферию концепции. Выявляется еще не реализованный философский потенциал концепции - ее герменевтические аспекты, связь с руслом феноменологии и др.
600 a Персоналии Флоровский Георгий Васильевич
650 14 a Основная рубрика история философии
a Основная рубрика философия
653 1_ a Ключевые слова XX век
a Ключевые слова богословие
a Ключевые слова исихазм
a Ключевые слова неопатристический синтез
a Ключевые слова Отцы церкви
a Ключевые слова патристика
a Ключевые слова православие
a Ключевые слова религиозная философия
a Ключевые слова Россия
a Ключевые слова русская эмиграция
a Ключевые слова русское зарубежье
a Ключевые слова христианский эллинизм
a Ключевые слова христианство
773 08 t Заглавие источника Вопросы философии
d Дата издания источника 2015
g Прочая информация № 7. - С. 122 - 135
w Контрольный № источника RU/IS/BASE/492608975
901 t Тип документа b